<?xml version="1.0" encoding="UTF-8"?>
<collection xmlns:xsi="http://www.w3.org/2001/XMLSchema-instance" xsi:schemaLocation="http://www.loc.gov/MARC21/slim http://www.loc.gov/standards/marcxml/schema/MARC21slim.xsd" xmlns="http://www.loc.gov/MARC21/slim">
 <record>
  <leader>00000cam a22000004a 4500</leader>
  <controlfield tag="001">UP-1685675941123680558</controlfield>
  <controlfield tag="003">Buklod</controlfield>
  <controlfield tag="005">20230912145216.0</controlfield>
  <controlfield tag="006">aa         |||1 u|</controlfield>
  <controlfield tag="007">ta</controlfield>
  <controlfield tag="008">230912m19982002xx     erb   f000 0|eng d</controlfield>
  <datafield tag="035" ind1=" " ind2=" ">
   <subfield code="a">(iLib)UPTAC-00000000293</subfield>
  </datafield>
  <datafield tag="037" ind1=" " ind2=" ">
   <subfield code="c">PhP350.00</subfield>
   <subfield code="a">Tac-17524</subfield>
  </datafield>
  <datafield tag="037" ind1=" " ind2=" ">
   <subfield code="b">UP Administration Research and Extension Services Foundation</subfield>
   <subfield code="c">PhP1000/set</subfield>
   <subfield code="a">Tac-19441 to Tac-19446</subfield>
  </datafield>
  <datafield tag="040" ind1="0" ind2=" ">
   <subfield code="a">UPVTC</subfield>
   <subfield code="e">aacr2</subfield>
  </datafield>
  <datafield tag="041" ind1="0" ind2=" ">
   <subfield code="a">eng</subfield>
  </datafield>
  <datafield tag="090" ind1="0" ind2="0">
   <subfield code="a">JS 7302</subfield>
   <subfield code="b">L6</subfield>
  </datafield>
  <datafield tag="245" ind1="0" ind2="0">
   <subfield code="a">Local government in the Philippines</subfield>
   <subfield code="b">a book of readings.</subfield>
  </datafield>
  <datafield tag="264" ind1=" " ind2="1">
   <subfield code="a">Diliman, Quezon City</subfield>
   <subfield code="b">Center for Local and Regional Governance and National College of Public Administration and Governance, University of the Philippines</subfield>
   <subfield code="c">1998-2002.</subfield>
  </datafield>
  <datafield tag="300" ind1=" " ind2=" ">
   <subfield code="a">3 v.</subfield>
   <subfield code="c">26 cm.</subfield>
  </datafield>
  <datafield tag="500" ind1=" " ind2=" ">
   <subfield code="a">Vols. 1 and 2 were edited by Proserpina Domingo Tapales, Jocelyn C. Cuaresma, Wilhelmina L. Cabo; with the assistance of Celenia L. Jamig, Zita Concepcion P. Calugay. Vol. 3 was edited by Proserpina Domingo Tapales and Alex B. Brillantes, Jr.; with the assistance of John Ermin S. Francisco.</subfield>
  </datafield>
  <datafield tag="504" ind1=" " ind2=" ">
   <subfield code="a">Includes bibliographical references.</subfield>
  </datafield>
  <datafield tag="505" ind1="0" ind2="0">
   <subfield code="a">v. 1. Local government administration -- v. 2. Current issues in governance -- v. 3. Concepts and practices in decentralization.</subfield>
  </datafield>
  <datafield tag="505" ind1="0" ind2="0">
   <subfield code="a">Table of Contents, Volume I: The Editors. Foreword. Preface. Acknowledgments. Introduction. Chapter 1. Decentralization and Local Government -- Introduction to the Chapter -- The Nature and State of Local Government / P. D. Tapales -- Decentralization Towards Democratization and Development in the Asian Pacific Region / R. P. de Guzman and M. A. Reforma -- Governance in Local Communities: Towards Development and Democracy / L. V. Cariño -- Decentralization and Local Autonomy: A framework for Assessing Progress / R. B. Ocampo -- Chapter 2. History of Local Government in the Philippines -- Introduction to the Chapter -- The Evolution of Local Government in the Philippines / R. P. de Guzman, M. A. Reforma and E. M. Panganiban -- History and Evolution of Philippine Local Government and Administration / P. D. Tapales -- The Philippine Local Government System: History, Politics, and Finance / R. B. Ocampo and Elena M. Panganiban -- Chapter 3. Organization, Structure, Powers and Personnel System -- Introduction to the Chapter -- Overview of Local Governments in the Philippines / W. L. Cabo -- Local Government Reorganization for Greater Administrative Efficiency / P. L. Padilla -- Managing Change in Local Government: Issues and Concerns in Organizational Development / P. D. Tapales, P. L. Padilla and M. E. T. Joaquin -- Revitalizing the Local Civil Service / P. L. Padilla -- Chapter 4. Fiscal Administration and Local Economic Development -- Introduction to the Chapter -- Local Governance and the New Community: Economic Development as a Function / E. M. Panganiban -- Government Policies on and Institutions for Economic Promotion / E. T. Q. Auxilian and W. L. Cabo -- The Work of Local Authorities in Economic Promotion Under the Local Government Code of 1991 / P. D. Tapales and P. E. Legaspi -- Scope and Pattern of Local Fiscal Administration / J. C. Cuaresma and S. A. Ilago -- Local Experiences in Economic Promotion / M. E. T. Joaquin and W. L. Cabo.</subfield>
  </datafield>
  <datafield tag="505" ind1="0" ind2="0">
   <subfield code="a">Table of Contents, Volume II: Chapter 5. People's Participation in Governance: Introduction to the Chapter -- Non-Governmental Organizations and Local Development in the Philippines: An Overview / A. B. Brillantes, Jr. -- Non- Governmental Organizations and Political Institutionalization in the Philippines / G. Clarke -- Action and Interaction: PO/NGO/GO Partnerships for Sustainable Development / M. Racelis -- Factors that Promote or Deter Popular Participation in Development: The Philippine Experience / M. C. P. Alfiler -- NGOs as Alternatives to Bureaucracy: Focus on the Cooperative / P. E. Legaspi -- The Accountability of NGOs / F. V. Creencia -- Chapter 6. Issues in Devolution: Introduction to the Chapter -- Five-Year Assessment of the Implementation of Devolution in the Local Government Code / A. B. Brillantes, Jr. -- The State of the Devolution Process: The Implementation of the 1991 Local Government Code in Selected LGUs / P. E. Legaspi and E. V. Santiago -- Reconstructing the Functions of Government: The Case of Primary Health Care in the Philippines / V. A. Bautista -- Regional Directors' Perspectives on the Problems and Issues in the Devolution of Welfare Services / R. C. Quieta -- Devolution and Upland Development: A Tale of Change, Diversity, and Ambivalence / R. J.P. Paje -- The Role of LGUs in the Management of Fisheries/ Aquatic Resources: Some Policy Issues and Proposals / P. E. Legaspi -- Chapter 7. Regional Governance: Introduction to the Chapter -- A. Muslim Mindanao and the Cordillera: Regional Autonomy and Social Development: Some Notes on the Case of Muslim Mindanao / S. D. Tanggol -- Managing the Muslim Problem for Philippines 2000: Issues and Prospects / S. D. Tanggol -- The SPCPD Formula / M. Ferrer-Coronel -- SPCPD in Perspective / S. K. Tan -- The Cordillera Autonomy and the Quest for Nation-Building: Prospects in the Philippines / R. G. Buendia -- The Continuing Quest for Regional Autonomy in the Cordilleras / A. B. Brillantes, Jr. and Maximo B. Garming -- Approaches to Develop the Autonomous Regions / National Tax Research Center -- B. Metro Governments: Metropolitan Region Governance: The Global Search for an Area-Wide Solution / A. A. Laquian -- Metropolitanization Within a Decentralized System: The Philippine Dilemma / E. M. Panganiban -- A Comparative Study of Five Current and Emerging Metropolitan Areas / L. V. Cariño.</subfield>
  </datafield>
  <datafield tag="505" ind1="0" ind2="0">
   <subfield code="a">Table of Contents, Volume III: Chapter l. Decentralization as Concept and Practice: Introduction to the Chapter -- Devolution for Democracy and Development / L. V. Cariño -- Decentralized Democratic Governance Under the Local Government Code: A Governmental Perspective / A. B. Brillantes, Jr. -- The Philippine Local Government System and Decentralized Development / P. D. Tapales -- The Enabling Role of Local Governments / P. E. Legaspi -- Chapter 2. Decentralization as Effective Service Delivery: Introduction to the Chapter -- Philippine Experience in Health Service Decentralization / V. A. Bautista, Ma. E. T. Joaquin and E. Valmonte Santiago -- Devolution of the Hospital Care System in Negros Oriental / P. E. Legaspi and E. Vaimonte Santiago -- The Effectiveness of Solid Waste Management (SWM) from the Viewpoints of Program Beneficiaries in Calamba and Los Baños in Laguna / R. D. Ocenar -- Targeting and Managing Performance: The Case of Davao del Norte / V. A. Bautista and L. J. Juan -- Chapter 3. Decentralization as Effective Management: Introduction to the Chapter -- Efficient and Productive Management in the Province of Bulacan / P. D. Tapales -- Human Resource Challenges in a Decentralizing State / Ma. E. T. Joaquin -- Contracting Out as an Alternative Service Delivery Mechanism in Local Governments / Z. C. P. Calugay -- Public-Private Sector Partnership for Urban Infrastructure: The Build-Operate-Transfer Program of Mandaluyong City / A. I. Celestino -- Performance Management as an Agenda for Local Governance / E. V. Santiago -- Measuring and Classifying Local Governments' Capability: A Proposed Model / C. L. Jamig -- Pursuing the Vision of Effective Governance for Quezon City / F. R. Belmonte, Jr. -- Chapter 4. Decentralization and People Empowerment: Introduction to the Chapter -- Raising an Old Question: Is There People's Participation in Local Governance? / E. E. A. Co -- The Integrated Area Development Program in Irosin, Sorsogon / R. D. Ocenar and R. L. Martir -- The Balilihan Countryside Action Program / E. V. Santiago and Ma. E. T. Joaquin -- The Primary Health Care Program in Surigao City / A. B. Celestino and S. A. Hago -- Enhancing Local Leadership Through MBN: The Case of Barangay Sto. Niño and the Municipality of Naujan / R. R. Cordero -- Chapter 5. Emerging Issues in Local Governance and Decentralization: Introduction to the Chapter -- Global Forces and Local Governments in the Philippines: Challenges and Responses / A. B. Brillantes, Jr. -- Kinship and Achievement: Women in Philippine Local Politics / P. D. Tapales -- Decentralization: Power to the People or to the Local Elite / C. G. Paralejas -- Local Administration and the Rent-Allocating State: Problems on the Autonomy of Local Government / B. P. Esden -- The Language of Change: Learning from Local Innovations in a Decentralized Setting / Ma. E. T Joaquin -- Towards a Federal Republic of the Philippines with a Parliamentary Government by 2010 / J. V. Abueva -- Federalization: An Idea Whose Time Has Come / A. Pimentel, Jr.</subfield>
  </datafield>
  <datafield tag="591" ind1=" " ind2=" ">
   <subfield code="a">Tac-2328g, Tac-2329g &amp; Tac-2330g donated by UPD Patrons on 02 Apr 2014.</subfield>
  </datafield>
  <datafield tag="650" ind1="0" ind2="0">
   <subfield code="a">Local government</subfield>
   <subfield code="z">Philippines.</subfield>
  </datafield>
  <datafield tag="650" ind1="0" ind2="0">
   <subfield code="a">Local government</subfield>
   <subfield code="z">Philippines</subfield>
   <subfield code="x">Citizen participation.</subfield>
  </datafield>
  <datafield tag="700" ind1="1" ind2=" ">
   <subfield code="a">Tapales, Proserpina Domingo</subfield>
   <subfield code="e">joint editor.</subfield>
  </datafield>
  <datafield tag="700" ind1="1" ind2=" ">
   <subfield code="a">Cuaresma, Jocelyn C.</subfield>
   <subfield code="e">joint editor.</subfield>
  </datafield>
  <datafield tag="700" ind1="1" ind2=" ">
   <subfield code="a">Cabo, Wilhelmina L.</subfield>
   <subfield code="e">joint editor.</subfield>
  </datafield>
  <datafield tag="700" ind1="1" ind2=" ">
   <subfield code="a">Brillantes, Alex B.</subfield>
   <subfield code="c">Jr.</subfield>
   <subfield code="e">joint editor.</subfield>
  </datafield>
  <datafield tag="710" ind1="2" ind2=" ">
   <subfield code="a">University of the Philippines.</subfield>
   <subfield code="b">Center for Local and Regional Governance.</subfield>
  </datafield>
  <datafield tag="710" ind1="2" ind2=" ">
   <subfield code="a">University of the Philippines.</subfield>
   <subfield code="b">National College of Public Administration and Governance.</subfield>
  </datafield>
  <datafield tag="856" ind1="4" ind2="1">
   <subfield code="3">Table of contents only, Vols. I &amp; II</subfield>
   <subfield code="u">https://drive.google.com/file/d/1RVkUsMRuzDwnTiRWs0nSyPmyLjncMQod/view?usp=sharing</subfield>
   <subfield code="y">Table of contents only, Vols. I &amp; II</subfield>
  </datafield>
  <datafield tag="856" ind1="4" ind2="1">
   <subfield code="3">Table of contents only, Vol. III</subfield>
   <subfield code="u">https://drive.google.com/file/d/1FX6KaHieMYmVijJp6VTCZAkv5I6jcOf3/view?usp=sharing</subfield>
   <subfield code="y">Table of contents only, Vol. III</subfield>
  </datafield>
  <datafield tag="905" ind1=" " ind2=" ">
   <subfield code="a">FI</subfield>
  </datafield>
  <datafield tag="852" ind1="0" ind2=" ">
   <subfield code="a">UPTAC</subfield>
   <subfield code="b">UPTAC</subfield>
   <subfield code="h">JS 7302</subfield>
   <subfield code="i">L6</subfield>
  </datafield>
  <datafield tag="942" ind1=" " ind2=" ">
   <subfield code="a">Book</subfield>
  </datafield>
 </record>
</collection>
